[Event "Ruhrgebiet Verbandsliga Gruppe 1 1617"]
[Site "Germany"]
[Date "2017.04.30"]
[Round "9.7"]
[White "Gottmann, Bernd"]
[Black "Hoidis, Paul"]
[Result "1-0"]
[WhiteElo "1903"]
[BlackElo "1090"]
[PlyCount "31"]
[EventDate "2016.09.04"]
[EventType "team-tourn"]
[EventRounds "9"]
[EventCountry "GER"]
[SourceTitle "EXT 2022"]
[Source "ChessBase"]
[SourceDate "2021.10.06"]
[SourceVersion "1"]
[SourceVersionDate "2021.10.06"]
[SourceQuality "1"]
[WhiteTeam "Gerthe Werne"]
[BlackTeam "Eving SV Rochade"]
[WhiteTeamCountry "GER"]
[BlackTeamCountry "GER"]

1. d4 d5 2. c4 e6 3. Nc3 Nf6 4. cxd5 exd5 5. Bg5 Be7 6. e3 Nc6 7. Bd3 h6 8. Bh4 Ng4 9. Bxe7 Qxe7 10. Nxd5 Qd6 11. Nc3 Qf6 12. Nf3 Bf5 13. Nd5 Qd6 14. Bxf5 Nxf2 15. Nxc7+ Qxc7 16. Kxf2 1-0